000 00816nam a2200253Ia 4500
003 OSt
005 20220918171627.0
006 a|||||r|||| 00| 0
007 ta
008 220917b |||||||| |||| 00| 0 eng d
020 _a9788120803251 (pbk)
_c590
024 _a260,220
037 _b254, 23/03/2012, University Book House
_cTextual
040 _aARTS
_cARTS
_beng
041 _2eng
_aeng
082 _aY15.2, K2;P9(TTV)
100 _aAltekar A. S.
245 0 _aPosition of women in hindu civilization
_b From prehistoric times to the present day
260 _aDelhi
_bMotilal Banarsidas India
_c2009
300 _axvi, 378p.
_ccm.
650 _aSOCIOLOGY
942 _hY15.2, K2;P9(TTV)
_cTEXL
_2CC
999 _c140519
_d140519